000 01428nam a2200373 a 4500
001 ebr10382804
003 CaPaEBR
006 m u
007 cr cn|||||||||
008 740311s1957 nyu sb 001 ideng d
010 _z 57003021
020 _z0813214033 (pbk.)
020 _z9780813214030
020 _z9780813211343 (e-book)
040 _aCaPaEBR
_cCaPaEBR
035 _a(OCoLC)763154859
041 1 _aeng
_hlat
050 1 4 _aBR60.F3
_bL4 1957eb
100 0 _aLeo
_bI,
_cPope,
_dd. 461.
245 1 0 _aLetters
_h[electronic resource] /
_cSt. Leo the Great ; translated by Edmund Hunt.
260 _aNew York :
_bFathers of the Church, Inc.,
_c1957.
300 _a312 p.
490 1 _aThe Fathers of the church, a new translation ;
_vv. 34
500 _aFirst paperback reprint, 2004.
504 _aIncludes bibliographical references and index.
533 _aElectronic reproduction.
_bPalo Alto, Calif. :
_cebrary,
_d2013.
_nAvailable via World Wide Web.
_nAccess may be limited to ebrary affiliated libraries.
600 0 0 _aLeo
_bI,
_cPope,
_dd. 461.
_tCorrespondence.
650 0 _aTheology
_vEarly works to 1800.
655 7 _aElectronic books.
_2local
700 1 _aHunt, Edmund.
710 2 _aebrary, Inc.
830 0 _aFathers of the church ;
_vv. 34.
856 4 0 _uhttp://site.ebrary.com/lib/rucke/Doc?id=10382804
_zAn electronic book accessible through the World Wide Web; click to view
999 _c103645
_d103645